Online Catalogue and eLibrary

Sociological theory : (Record no. 1052)

MARC details
000 -LEADER
fixed length control field 00266nam a2200097Ia 4500
008 - FIXED-LENGTH DATA ELEMENTS--GENERAL INFORMATION
fixed length control field 240331s9999 xx 000 0 und d
082 ## - DDC Classification
Class No. 301.01
Item Number - Author Mark ASH
100 ## - MAIN ENTRY--PERSONAL NAME
Personal name Ashley,D
245 #0 - TITLE STATEMENT
Title Sociological theory :
Remainder of title classical statements responses and reformulations
942 ## - Koha item type (Biblio)
Koha item type Books in Stacks (Lending)
Holdings
Lost status Damaged status Collection code Home library Current library Shelving location Date acquired Full call number Accession Number Item type
    Lending WERC Library WERC Library Social Science Cupboard 03/31/2024 301.01 ASH 4084 Books in Stacks (Lending)

© WERC Library